000 00879cam a22002775a 4500
001 17393188
003 SISC
005 20160625105054.0
008 120719s2012 enk j 000 0 eng
010 _a 2012405638
020 _a9781107613331 (pbk.)
040 _aDLC
_cDLC
042 _apcc
050 _aQ 163 .J76 2012
100 1 _aJones, Mary,
_d1950-
245 1 0 _aCambridge checkpoint science coursebook 7 /
_cby Mary Jones, Diane Fellowes-Freeman and David Sang.
260 _aCambridge :
_bCambridge University Press,
_c2012.
300 _a1 v.
490 0 _aCambridge International Examinations
650 0 _aScience
_vJuvenile literature.
700 1 _aFellowes-Freeman, Diane.
700 1 _aSang, David.
906 _a0
_bibc
_corigres
_d2
_encip
_f20
_gy-gencatlg
942 _2lcc
_cBK
999 _c296191
_d296191